000 01647cam a22004574i 4500
003 PE-LiUPU
005 20250731184606.0
008 150616s r 000 0 d
035 _a(Sirsi) a7033
040 _aPE-LiUPU
_bspa
_cPE-LiUPU
_erda
049 _aPRUA
082 0 4 _a922.2
_bP78
_221
100 1 _aDel Portillo, Alvaro,
_eautor.
245 1 0 _aEntrevista Sobre o Fundador do Opus Dei.
264 1 _aSao Paulo :
_bQuadrante,
_c1994.
300 _a259 páginas ;
_c21 cm.
336 _atext
_2rdacontent
337 _aunmediated
_2rdamedia
338 _avolume
_2rdacarrier
505 0 _aFilho da Igreja -- Cidadaos das duas cidades -- Como era o padre -- A sua formacao -- O fundador -- Familia e milícia -- Meios y obtaculos -- Perfil interior -- O pao e a palavra -- Devocoes -- Virtudes heróicas -- Fama de santidade.
526 _aP136
526 _aP135
526 _aP134
526 _aP133
526 _aP144
526 _aP143
526 _aP87
526 _aP35
526 _aP20
526 _aP14
526 _aP10
526 _aP06
650 0 4 _aESCRIVA DE BALAGUER Y ALBAS, JOSEMARIA, 1902-1975 - ESTUDIO.
910 _ajck
_bjvq
_cjck
942 _2ddc
_cBOOK
949 _a922.2 P78
_wDEWEY
_c1
_i40438
_lCCODEBUL1
_mBUL
_p00.00
_r0
_sY
_tBOOK
_u19960129
_xTEOLOGIA
_zUNKNOWN
_0COMPRA
_o.STAFF. Colección General
994 _aC0
_bPEPRU
596 _a1
999 _a922.2 P78
_wDEWEY
_c58232
_i40438
_f2021-11-11
_g5
_lCCODEBUL1
_mBUL
_r0
_sY
_tBOOK
_u2015-6-16
_xTEOLOGIA
_zUNKNOWN
_0COMPRA
_o.STAFF. Colección General
_d58232
980 _81
_gALBERTO SANCHEZ Responsable de Automatización